000 00519nam a22001577a 4500
082 _a620.12
_bSID
100 _aSidra Yasin (399708)
_9126304
245 _aDevelopment of Al-Based Diagnostic Tool for Enhanced Operational Control of Energy Efficient Wastewater Treatment System /
264 _aIslamabad :
_bUSPCAS-E, NUST
_cSeptember, 2024.
300 _axiv, 42 p.
_e+CD
520 _aTH-593
650 _aMS ESE Thesis
650 _aMS Thesis
_918721
700 _aDr. Abeera Ayaz Ansa
_9126305
942 _2ddc
_cTHE
999 _c612004
_d612004